Nemzedékünk kérdései. {Problemele generatiei noastre}. [Our genaration's issues]
Elmentve itt :
| Szerző: | |
|---|---|
| Adatforrás: | Meister |
| Forrásdokumentuma: | Művelődés. - 2001. 1, 3. |
| Nyelv: | magyar |
| Kulcsszavak: | viata culturala művelődési élet cultural life |
| LEADER | 00435nab a2200145 i 4500 | ||
|---|---|---|---|
| 001 | bibPRO00012842 | ||
| 008 | 080908s2001 xx hun | ||
| 040 | |a Sz1 | ||
| 041 | |a hun | ||
| 100 | 1 | |a SÜTŐ Ferenc | |
| 245 | 1 | 0 | |a Nemzedékünk kérdései. {Problemele generatiei noastre}. [Our genaration's issues] |c SÜTŐ Ferenc |
| 695 | |a viata culturala | ||
| 695 | |a művelődési élet | ||
| 695 | |a cultural life | ||
| 773 | 0 | |t Művelődés. - |g 2001. 1, 3. | |